000 00469nam a22001817a 4500
003 LK-CoDNM
005 20250110134018.0
008 250102b |||||||| |||| 00| 0 eng d
040 _aLK-CoDNM
_dLK-CoDNM
_eLK-CoDNM
041 _aeng
080 _a5
_bS9
100 _aAlferd Miles
245 _aHalf house with natural history
260 _aLondon, Paris, New York
_bRaphael Tuck 7 sons, ltd
300 _b48p. : ill ; 25 cm
650 _aScience
942 _cBK
999 _c236003
_d236003